000 00788nam a2200193Ia 4500
001 10247
003 GE_BSU
008 181216s||||||||xx |||||||||||||| ||und||
040 _cGE_BSU
245 _aსაპატრიარქოს უწყებანი.№23(723)2014. 12-18ივნისი
245 _bპატრიარქის ქადაგება,ქრონიკა, ინფორმაცია და სხვა.
245 _cრედ:დეკანოზი დავით შარაშენიძე და სხვა.
260 _aთბილისი
260 _c2014
300 _a20გვ.30სმ.
653 _aპერიოდიკა
653 _aსაპატრიარქოს უწყებანი
942 _cCR
999 _c43516
_d43516